| 000 | 00497nam a2200181Ia 4500 | ||
|---|---|---|---|
| 003 | GCL | ||
| 008 | 140319s9999 xx 000 0 ara d | ||
| 040 |
_aGCL / _cGCL |
||
| 082 | 0 | 4 |
_a920.5 _bس ص |
| 100 | 1 | _aسمير وهبى | |
| 245 | 1 | 0 |
_aصلاح الدين ذهنى فى ذكراه العاشرة / _cسمير وهبى |
| 300 | _a106 ص | ||
| 490 | _a | ||
| 650 | 0 | 4 | _aالصحفيون العرب |
| 650 | 0 | 4 | _aالرجال - تراجم |
| 650 | 0 | 4 | _aصلاح ذهنى |
| 942 |
_2ddc _cBK |
||
| 999 |
_c40968 _d40968 |
||